000 00592nam a2200205Ia 4500
005 20250508162105.0
008 008 250505s9999 xx 000 0 eng d
037 _aTextual
040 _aFEDL
_beng
_cFEDL
041 _aeng
_2eng
084 _a015, SHA
_qFEDL
100 _aSharma Jagdish Saran
245 0 _aFundamentals of bibliography: With special reference to India
260 _aNew Delhi, India
_bS. Chand and Company Ltd.
_c1977
300 _avi,151p.
365 _aINR
_b25
650 _aBibliographies
942 _cTEXL
_h015, SHA
999 _c1374324
_d1374324